00896 2200253 4500001002100000005001500021035002000036007000300056008004100059020001800100082001100118084001700129100003800146245020200184250002500386260003400411300002800445500006100473650002800534700002700562504003100589990001100620990001100631INLIS00000000000316020190207092129 a0010-0219000102ta190207 g 0 ind  a979-98488-2-2 a297.73 a297.73 MUH m0 aMUHAMMAD, Nur Abdul Hafizh Suwaid1 aMendidik Anak Bersama Nabi :bPanduan Lengkap Pendidikan Anak Disertai Teladan Kehidupan Para Salaf /cMuhammad Nur Abdul Hafizh Suwaid; penerjemah, Salafuddin Abu Sayyid; editor, Tim editor Arafah aed.Indonesia, cet.10 aSolo :bPustaka Arafah,c2017 axvi, 592 hlm. ;c24 cm. aJudul asli : Manhaj At-Tarbiyyah An-Nabiwiyyah lit-Thifl aISLAM. PENDIDIKAN ISLAM0 aSALAFUDDIN, Abu Sayyid aBibliografi : hlm. 589-592 a6480 a a6480 b